Firma v stratégii banky
Dôležitým prvkom v celkovej stratégii bánk je vzťah ku klientom a firmám. Sledovanie tendencií vo vývoji podnikateľskej sféry vo svete aj v podmienkach transformačného procesu ekonomiky SR. Prehľad ukazovateľov a techník diagnostikovania "zdravia" podnikov: diagnóza podniku, goodwill, bilancia, koef...
Guardado en:
| Autor principal: | |
|---|---|
| Formato: | Capítulo de libro |
| Lenguaje: | eslovaco inglés |
| Materias: | |
| Etiquetas: |
Sin Etiquetas, Sea el primero en etiquetar este registro!
|
MARC
| LEADER | 00000naa a2200000 4500 | ||
|---|---|---|---|
| 001 | r021789 | ||
| 005 | 20221205114634.5 | ||
| 041 | 0 | |a slo | |
| 041 | 0 | |a eng | |
| 044 | |a SK | ||
| 245 | 1 | 0 | |a Firma v stratégii banky |c V. Valach |
| 520 | |a Dôležitým prvkom v celkovej stratégii bánk je vzťah ku klientom a firmám. Sledovanie tendencií vo vývoji podnikateľskej sféry vo svete aj v podmienkach transformačného procesu ekonomiky SR. Prehľad ukazovateľov a techník diagnostikovania "zdravia" podnikov: diagnóza podniku, goodwill, bilancia, koeficient, reprodukčná schopnosť podniku, špekulácia. Niektoré adaptačné opatrenia na úrovni podniku. Adaptácia podnikovej sféry na Slovensku. | ||
| 610 | 2 | 0 | |a banky |
| 610 | 2 | 0 | |a zákazníci |
| 610 | 2 | 0 | |a firmy |
| 610 | 2 | 0 | |a podnik |
| 610 | 2 | 0 | |a stratégia podniková |
| 610 | 2 | 0 | |a transformácia |
| 610 | 2 | 0 | |a Slovensko |
| 100 | 1 | |a Valach, V. | |